| 000 | 01157nac a22003251u 4500 | ||
|---|---|---|---|
| 003 | EG-ScBUE | ||
| 005 | 20220906093611.0 | ||
| 008 | 200219t2003 nyua f 001 0 eng d | ||
| 020 | _a0471395404 | ||
| 020 | _a9780471395409 | ||
| 040 |
_aEG-ScBUE _beng _erda _cEG-ScBUE _dEG-ScBUE |
||
| 082 | 0 | 4 |
_a720.284 _bWAK _222 |
| 100 | 1 |
_aWakita, Osamu A., _eauthor. |
|
| 245 | 1 | 4 |
_aThe professional practice of architectural working drawings / _cOsamu A. Wakita, Hon. A.I.A., professor of architecture, Los Angeles Harbor College, Richard M. Linde, A.I.A. architect. |
| 250 | _aThird edition. | ||
| 264 | 1 |
_aNew York : _bJohn Wiley & Sons, Inc., _c[2003] |
|
| 264 | 4 | _cc2003 | |
| 300 |
_a728 pages : _billustrations ; _c27 cm |
||
| 336 |
_2rdacontent _atext _btxt |
||
| 337 |
_2rdamedia _aunmediated _bn |
||
| 338 |
_2rdacarrier _avolume _bnc |
||
| 500 | _aIncludes index. | ||
| 650 | 7 |
_aArchitecture _vdesigns and plans _xworking drawings. _2BUEsh |
|
| 650 | 7 |
_aArchitectural drawing _2BUEsh |
|
| 651 | _2BUEsh | ||
| 653 | _bENGARC | ||
| 655 |
_vReading book _934232 |
||
| 700 | 1 |
_aLinde, Richard M., _eauthor. |
|
| 942 |
_cNB _k720.284 WAK _2ddc |
||
| 999 |
_c6203 _d6203 |
||